[Event "Mittelfranken-ch Seniors 52nd"]
[Site "Uttenreuth"]
[Date "2003.04.16"]
[Round "2"]
[White "Jacobsen, Waldfried"]
[Black "Hagen, Joern"]
[Result "0-1"]
[WhiteElo "1249"]
[BlackElo "1549"]
[PlyCount "70"]
[EventDate "2003.04.??"]
[EventType "swiss"]
[EventRounds "7"]
[EventCountry "GER"]
[SourceTitle "EXT 2006"]
[Source "ChessBase"]
[SourceDate "2005.11.24"]
[SourceVersion "1"]
[SourceVersionDate "2005.11.24"]
[SourceQuality "1"]

1. e4 c5 2. Nf3 e6 3. Nc3 a6 4. d4 cxd4 5. Nxd4 d6 6. Nf3 Nc6 7. a3 Nf6 8. Bd3 Be7 9. 0-0 0-0 10. Re1 b5 11. e5 dxe5 12. Nxe5 Nxe5 13. Rxe5 Bb7 14. Re1 Qc7 15. Rf1 Rad8 16. Qe2 h6 17. f3 Rd4 18. Be3 Rfd8 19. Bxd4 Rxd4 20. g3 Nh5 21. Ne4 Rd5 22. b4 a5 23. a4 bxa4 24. b5 a3 25. Rfc1 f5 26. c4 Re5 27. f4 fxe4 28. fxe5 exd3 29. Qxh5 Bg5 30. Rc3 Qxe5 31. Raxa3 Be3+ 32. Kf1 Qxh5 33. Rxd3 Qf3+ 34. Ke1 Qf2+ 35. Kd1 Bf3# 0-1

[Event "Mittelfranken-ch Seniors 50th"]
[Site "Buechenbach"]
[Date "2001.04.13"]
[Round "2"]
[White "Hagen, Joern"]
[Black "Boginski, Lotar"]
[Result "0-1"]
[WhiteElo "1585"]
[BlackElo "1730"]
[PlyCount "132"]
[EventDate "2001.04.??"]
[EventType "swiss"]
[EventRounds "7"]
[EventCountry "GER"]
[SourceTitle "EXT 2006"]
[Source "ChessBase"]
[SourceDate "2005.11.24"]
[SourceVersion "1"]
[SourceVersionDate "2005.11.24"]
[SourceQuality "1"]

1. d4 e6 2. Nf3 d5 3. c4 Nf6 4. Bg5 Be7 5. Nc3 c6 6. e3 Nbd7 7. Bd3 h6 8. Bh4 Nh5 9. Bxe7 Qxe7 10. Qe2 Nhf6 11. h3 dxc4 12. Bxc4 Nb6 13. Bb3 Bd7 14. 0-0 0-0 15. a3 Rac8 16. Rac1 c5 17. Rfd1 a6 18. Ne5 Rfd8 19. Rd2 Be8 20. Rcd1 cxd4 21. Rxd4 Rxd4 22. Rxd4 Qc5 23. Nc4 Nfd5 24. Nxd5 Nxd5 25. Qd1 b5 26. Nd2 Nf6 27. Ne4 Nxe4 28. Rxe4 Qc1 29. Rd4 Qxb2 30. Rd2 Qe5 31. Rd8 Qc7 32. Rd2 Qc1 33. Rd3 Qxd1+ 34. Bxd1 Rc1 35. Kf1 b4 36. Ke1 bxa3 37. Rxa3 Bb5 38. Kd2 Rc7 39. Be2 Rd7+ 40. Ke1 Bxe2 41. Kxe2 Rd6 42. Rd3 Rb6 43. Rd2 Kf8 44. Kd1 Ke7 45. Kc1 a5 46. Kc2 e5 47. Kc3 Ke6 48. Kc4 Rb1 49. Ra2 a4 50. Kc3 Rb3+ 51. Kc4 Rb1 52. Kc3 a3 53. Rxa3 Rg1 54. g3 Kf5 55. Kd3 e4+ 56. Ke2 Rh1 57. Ra5+ Kg6 58. h4 f5 59. Rb5 Ra1 60. f3 Ra2+ 61. Kf1 exf3 62. Kg1 Rg2+ 63. Kf1 Rxg3 64. Kf2 Rh3 65. h5+ Rxh5 66. Kxf3 Rh4 0-1

[Event "Mittelfranken-ch Seniors 50th"]
[Site "Buechenbach"]
[Date "2001.04.13"]
[Round "5"]
[White "Voack, Rudolf"]
[Black "Hagen, Joern"]
[Result "1/2-1/2"]
[WhiteElo "1843"]
[BlackElo "1585"]
[PlyCount "66"]
[EventDate "2001.04.??"]
[EventType "swiss"]
[EventRounds "7"]
[EventCountry "GER"]
[SourceTitle "EXT 2006"]
[Source "ChessBase"]
[SourceDate "2005.11.24"]
[SourceVersion "1"]
[SourceVersionDate "2005.11.24"]
[SourceQuality "1"]

1. d4 e6 2. Nf3 c5 3. d5 d6 4. e4 exd5 5. exd5 Nd7 6. Bd3 g6 7. 0-0 f6 8. Re1+ Ne5 9. Nxe5 fxe5 10. f4 Bg7 11. fxe5 dxe5 12. Bf4 Nh6 13. Bxh6 Bxh6 14. Rxe5+ Kf7 15. Re1 Rf8 16. Rf1+ Kg8 17. Rxf8+ Qxf8 18. Nd2 Qf4 19. Nf3 Bg4 20. Kh1 Bg7 21. Qf1 Rf8 22. Be2 Bxb2 23. Rb1 Qf6 24. Qd1 b6 25. h3 Bxf3 26. Bxf3 Be5 27. Qd2 Qh4 28. Qe1 Qf4 29. Kg1 Re8 30. Kf1 Qh2 31. Qe3 Kf7 32. Qg1 Qg3 33. Qf2 Qh2 1/2-1/2

[Event "Mittelfranken-ch Seniors 50th"]
[Site "Buechenbach"]
[Date "2001.04.12"]
[Round "1"]
[White "Jacobsen, Waldfried"]
[Black "Hagen, Joern"]
[Result "0-1"]
[WhiteElo "1286"]
[BlackElo "1585"]
[PlyCount "76"]
[EventDate "2001.04.??"]
[EventType "swiss"]
[EventRounds "7"]
[EventCountry "GER"]
[SourceTitle "EXT 2006"]
[Source "ChessBase"]
[SourceDate "2005.11.24"]
[SourceVersion "1"]
[SourceVersionDate "2005.11.24"]
[SourceQuality "1"]

1. e4 c5 2. Nf3 e6 3. Nc3 d6 4. d4 cxd4 5. Nxd4 Nf6 6. Bd3 Be7 7. e5 dxe5 8. Bb5+ Bd7 9. Nb3 0-0 10. Qf3 Bxb5 11. Nxb5 Qb6 12. Nc3 Nc6 13. Be3 Nd4 14. Qd1 Rfd8 15. Qb1 Ng4 16. 0-0 Nxe3 17. fxe3 Nxb3 18. cxb3 Qxe3+ 19. Kh1 Rd2 20. Qe4 Qxe4 21. Nxe4 Rxb2 22. Rfc1 f5 23. Nc3 Rd8 24. Nb5 Rdd2 25. Rc8+ Kf7 26. Rg1 Bh4 27. Rc7+ Kf6 28. Nc3 Bf2 29. Rf1 Bb6 30. Ne4+ Kg6 31. Nxd2 Bxc7 32. Nc4 Rxa2 33. Rc1 e4 34. Ne3 Bf4 35. g3 Bxe3 36. Rc7 h5 37. h4 Bf2 38. Kg2 Bb6+ 0-1

[Event "Mittelfranken-ch Seniors 49th"]
[Site "Ansbach"]
[Date "2000.??.??"]
[Round "7"]
[White "Mueller, Roland2222"]
[Black "Hagen, Joern"]
[Result "1-0"]
[WhiteElo "1677"]
[BlackElo "1527"]
[PlyCount "123"]
[EventDate "2000.04.??"]
[EventType "swiss"]
[EventRounds "7"]
[EventCountry "GER"]
[SourceTitle "EXT 2006"]
[Source "ChessBase"]
[SourceDate "2005.11.24"]
[SourceVersion "1"]
[SourceVersionDate "2005.11.24"]
[SourceQuality "1"]

1. e4 e6 2. d4 c5 3. c3 Be7 4. Bd3 d6 5. Ne2 Nf6 6. f4 Nc6 7. e5 Nd5 8. a3 Qb6 9. Be4 Nc7 10. Bxc6+ Qxc6 11. 0-0 b6 12. Nd2 Bb7 13. Nf3 0-0-0 14. Qc2 Qe4 15. Qxe4 Bxe4 16. Ng3 Bb7 17. Be3 h6 18. exd6 Bxd6 19. dxc5 Bxc5 20. Bxc5 bxc5 21. Ne5 Rd2 22. Rf2 Rhd8 23. Nf1 Rd1 24. Rxd1 Rxd1 25. Rd2 Rxd2 26. Nxd2 Nd5 27. g3 f6 28. Nec4 Kc7 29. Kf2 Ba6 30. Ne3 Kc6 31. c4 Ne7 32. Ke2 g5 33. Kf3 f5 34. h3 Kd6 35. Nb1 Bb7+ 36. Kf2 Ng6 37. fxg5 hxg5 38. Nc3 Bc6 39. b4 cxb4 40. axb4 a6 41. c5+ Ke5 42. Nc4+ Kd4 43. Na5 Ne5 44. Ne2+ Kd5 45. Ke3 Nc4+ 46. Nxc4 Kxc4 47. h4 gxh4 48. gxh4 Be8 49. c6 Bxc6 50. h5 Be8 51. h6 Bg6 52. Nf4 Bh7 53. Nxe6 f4+ 54. Kxf4 Kxb4 55. Kg5 a5 56. Nf8 Bb1 57. Ng6 a4 58. h7 a3 59. h8Q a2 60. Qb2+ Kc4 61. Ne5+ Kd5 62. Kf4 1-0